01112cam a2200337 i 450000100090000000300080000900500170001700700030003400800410003701000170007802000250009502000220012004000280014204100130017004200080018305000220019110000280021324000410024124500850028226400400036730000530040733600260046033700280048633800270051449000370054150400530057865000370063165000260066865000360069483000440073020225855BJBSDDR20240118131423.0ta171219s2012 sp b 000 0 spa  a 2017060002 a9788471126795 (pbk.) a8471126796 (pbk.) aDLCbspacDLCerdadDLC aspaheng apcc14aHD 78bG458d 20121 aGifford, Clive, d1966-10aSustainable development. lEspañol14aDesarrollo sostenible / cpor Clive Gifford ; Traducción de Redactores de Red. 1aMadrid :bEdiciones Morata, c2012. a63 páginas : bilustraciones a color ; c24 cm atextbtxt2rdacontent aunmediatedbn2rdamedia avolumebnc2rdacarrier1 a¿Y tú?, ¿qué opinas?, v9 aIncluye referencias bibliográficas e índice. 4aDesarrollo económicoxHistoria 4aDesarrollo sostenible 4aProtección del medio ambiente 0aColección ¿Y tú?, ¿qué opinas?